Conformally invariant processes in the plane
Αποθηκεύτηκε σε:
| Κύριος συγγραφέας: | |
|---|---|
| Μορφή: | Βιβλίο |
| Γλώσσα: | English |
| Δημοσίευση: |
Providence, RI :
American Mathematical Society,
c2005
|
| Σειρά: | Mathematical surveys and monographs ;
; 114 |
| Θέματα: | |
| Ετικέτες: |
Προσθήκη ετικέτας
Δεν υπάρχουν, Καταχωρήστε ετικέτα πρώτοι!
|
MARC
| LEADER | 00000nam a2200000 i 4500 | ||
|---|---|---|---|
| 001 | 1/68195 | ||
| 008 | 071217s2005 eng d | ||
| 020 | |a 0-8218-3677-3 | ||
| 035 | |l 10093187 | ||
| 040 | |a GR-MY-UA |b gre |e aacr | ||
| 041 | 0 | |a eng | |
| 082 | 0 | |a 515.9 |2 (22) | |
| 100 | 1 | |a Lawler, Gregory F. |d 1955- | |
| 245 | 1 | 0 | |a Conformally invariant processes in the plane / |c Gregory F. Lawler |
| 260 | |a Providence, RI : |b American Mathematical Society, |c c2005 | ||
| 300 | |a xi, 242 σ.; |b εικ.; |c 26 εκ. | ||
| 490 | 1 | |a Mathematical surveys and monographs |v ; 114 | |
| 504 | |a Περιέχει βιβλιογραφικές παραπομπές (σ. 237-239) και ευρετήρια | ||
| 650 | 0 | 0 | |a Conformal mapping. |
| 650 | 0 | 0 | |a Potential theory (Mathematics) |
| 650 | 0 | 0 | |a Stochastic analysis. |
| 650 | 0 | 0 | |a Markov processes. |
| 830 | 0 | |a Mathematical surveys and monographs ; |v ; 114 | |
| 852 | |a INST |b SAMOS |e 20071217 |h 515.9 LAW |p 005300027439 |q 005300027439 |t BK |y 0 | ||
| 901 | |a BIBL3-2007-3 | ||
| 909 | |a Σ |b 140432 | ||
| 922 | |a 3ΕΛΗ |b 200711 |c ΕΠΕΑΕΚ2/ΤΜΗΜΑ ΜΑΘΗΜΑΤΙΚΩΝ |d ΕΛΕΥΘΕΡΟΥΔΑΚΗΣ | ||
| 970 | |a ΡΟΥΣΣΟΥ |b ΚΩΝΣΤΑΝΤΙΝΑ |z 2007/12/17 | ||